Best Episodes of The Office - Statistics

General Stats
  • This quiz has been taken 58 times
    55 since last reset
  • The average score is 11 of 16
Answer Stats
Season Episode Rating Description Episode % Correct
2 22 9.3 The Dunder Mifflin crew holds a casino party at the warehouse and Michael has two dates. Casino Night
92%
4 14 9.2 Michael throws an extravagant going-away party for Toby, and falls in love with the woman who is replacing him. Jim plans to propose to Pam at the party, but gets out-staged. Back at corporate, Ryan is arrested for fraud. Goodbye, Toby
90%
4 9 9.4 Michael invites Jim and Pam and Andy and Angela to a couples-only dinner party, where they witness Michael and Jan's extremely dysfunctional home life. Dwight finds a way to invite himself, too. Dinner Party
86%
7 16 9.3 Michael finally finishes his movie "Threat Level Midnight" and screens it for his employees at Dunder Mifflin, but Holly is less than enthusiastic for his finished product. Threat Level Midnight
82%
7 21 9.8 As the office gets ready for Michael's final day at Dunder Mifflin, Michael doesn't tell anyone that he's leaving a day early. Meanwhile, Deangelo accompanies a nervous Andy on a visit to one of Michael's old clients. Goodbye, Michael
78%
2 12 9.0 Michael's "injury" from a George Foreman Grill distracts the staff from Dwight, the one with the real injury. The Injury
78%
6 4 9.2 The Office travels to Niagara Falls to celebrate Jim and Pam's wedding under strict orders not to mention Pam's pregnancy. Michael, Dwight, and Andy all want to hook up with guests at the wedding. Niagara: Part 1
76%
6 5 9.4 Pam is forced to deal with an embarrassing injury for Andy the night before her wedding, while Kevin deals with the loss of his dress shoes on the morning of the ceremony. Niagara: Part 2
76%
5 13 9.7 Dwight's too-realistic fire alarm gives Stanley a heart attack. When he returns, Michael learns that he is the cause of Stanley's stress. To remedy the situation, he forces the office to throw a roast for him. Stress Relief
70%
9 23 9.8 One year later, Dunder Mifflin employees past and present reunite for a panel discussion about the documentary and to attend Dwight and Angela's wedding. Finale
68%
3 22 9.0 Michael uses "beach day" at Dunder-Mifflin to find out which employee would be his most capable replacement, just in case he receives the promotion to the New York office that he's applied for. Beach Games
56%
3 23 9.2 Michael appoints Dwight as regional manager, anticipating that he will receive the job at corporate. Jim and Karen also interview for the same position. And Michael gets back together with Jan after she gets a boob job. The Job
56%
7 18 9.3 Michael plans to propose to Holly the day of the Dunder Mifflin garage sale, but Holly may have to take an extended leave of absence to Colorado because her father is sick. Garage Sale
50%
9 22 9.4 Dwight prepares for a marriage proposal and hires an assistant for his assistant, Andy auditions for a singing program, Darryl tries to leave his job without a fuss, and Pam has second thoughts about Jim staying in Scranton. A.A.R.M.
42%
5 23 9.2 The Michael Scott Paper Company is gaining clients by offering lower prices than Dunder Mifflin, but is going broke in the process. However, Dunder Mifflin is losing clients to Michael, and is desperate to buy him out. Broke
30%
9 21 9.0 Dwight becomes regional manager after Andy quits his job, Jim dedicates more time to his Dunder Mifflin job to save his marriage, and Angela has problems with her new living arrangements after her breakup with The Senator. Livin' the Dream
20%
No matching quizzes found
Score Distribution
Percent of People with Each Score
Percentile by Number Answered
Your Score History
You have not taken this quiz since the last reset